00562cam a2200205 a 4500001000800000005001700008008004100025010001700066020002300083020002200106020003700128040001800165041000800183080002100191082001600212100000600228101000800234245006600242740004800308255310920171218082402.0940916s1995 iaua 001 0 eng  a 94209441  a0697229254 (paper) a0697160440 (case) a0697160459 (instructor's manual) aDLCcDLCdDLC aeng a612 JOHx612 JOH00a612 JOH2201 a6 aSHM10aEssentials of human anatomy & physiology /cJohn W. Hole, Jr.0 aEssentials of human anatomy and physiology.